| 000 | 00837nam a2200205 a 4500 | ||
|---|---|---|---|
| 003 | 0 | ||
| 005 | 20250502150220.0 | ||
| 008 | 021114s19uu xx 00 eng d | ||
| 050 |
_aPGS LB 1047 _b.Si623 2002 |
||
| 100 | _aSison, John Aaron P. | ||
| 245 |
_aPreferred study/research tools of the grade 6 students in Southville International School / _cJohn Aaron P. Sison. |
||
| 260 |
_aLas PiƱas City, Philippines : _bSouthville International School and Colleges, _c2002. |
||
| 300 |
_a23 pages : _bilustrations ; _c28 cm. |
||
| 504 | _aIncludes bibliographic references. | ||
| 650 |
_aInternet in education _vElementary students. |
||
| 650 |
_aInformation-seeking behavior _vGrade 6 students. |
||
| 650 |
_aBooks and reading _vElementary students. |
||
| 650 |
_aTechnology and children _vStudy and teaching. |
||
| 942 |
_2lcc _cPASS |
||
| 999 |
_c96658 _d96658 |
||